<?xml version="1.0" encoding="UTF-8"?>
<record
    xmlns:xsi="http://www.w3.org/2001/XMLSchema-instance"
    xsi:schemaLocation="http://www.loc.gov/MARC21/slim http://www.loc.gov/standards/marcxml/schema/MARC21slim.xsd"
    xmlns="http://www.loc.gov/MARC21/slim">

  <leader>01433    a2200169   4500</leader>
  <controlfield tag="003">Nust</controlfield>
  <controlfield tag="005">20230209124424.0</controlfield>
  <datafield tag="040" ind1=" " ind2=" ">
    <subfield code="c">Nust</subfield>
  </datafield>
  <datafield tag="082" ind1=" " ind2=" ">
    <subfield code="a">954.04,JAW</subfield>
  </datafield>
  <datafield tag="100" ind1=" " ind2=" ">
    <subfield code="a">Nehru, Jawaharlal</subfield>
    <subfield code="9">1499</subfield>
  </datafield>
  <datafield tag="245" ind1=" " ind2=" ">
    <subfield code="a">Jawahralal Nehru:  An Autobiography / </subfield>
    <subfield code="c">Jawahralal Nehru</subfield>
  </datafield>
  <datafield tag="260" ind1=" " ind2=" ">
    <subfield code="a">London</subfield>
    <subfield code="b">Lowe And Brydone</subfield>
  </datafield>
  <datafield tag="300" ind1=" " ind2=" ">
    <subfield code="a">622:p</subfield>
  </datafield>
  <datafield tag="505" ind1=" " ind2=" ">
    <subfield code="a">Descent From Kashmir (Page-1), Childhood (Page-6), Theosophy (Page-12), Harrow and Cambridge (Page-17), My Wedding and an Adventure in the Himalayas (Page-37), I am Externed and the Consequences Thereof (Page-48), Non-Co-Operation (Page-63), Luck now District Gaol (Page-90), An Interlude at Nabha (Page-109), Communalism Rampant (Page-134), In Europe (Page-148), Controversies in India (Page-156), The Oppressed  Meet at Brussels (Page-161), Return to India and Plunge Back Into Politics (Page-166), Trade Union Congress (Page-182), In Naini Prison (Page-217), Death of my Father (Page-245), The Delhi Pact (Page-249), The End of the Truce (Page-313), Prison Hum ours (Page-346), What is Religion ? (Page-370), The Liberal Outlook (Page-409), Dominion Status and Independence (Page-416), India old and New (Page-426), The Record of British Rule (Page-433), Impasse (Page-473), Desolation (Page-504), Dehra Gaol Again (Page-553), Back to Prison (Page-566), Some Recent Happenings (Page-573), Epilogue (Page-595).</subfield>
  </datafield>
  <datafield tag="650" ind1=" " ind2=" ">
    <subfield code="a">Jawahralal Nehru</subfield>
    <subfield code="9">108779</subfield>
  </datafield>
  <datafield tag="942" ind1=" " ind2=" ">
    <subfield code="2">ddc</subfield>
    <subfield code="c">BK</subfield>
    <subfield code="k">954.04,JAW</subfield>
  </datafield>
  <datafield tag="999" ind1=" " ind2=" ">
    <subfield code="c">187405</subfield>
    <subfield code="d">187405</subfield>
  </datafield>
  <datafield tag="952" ind1=" " ind2=" ">
    <subfield code="0">0</subfield>
    <subfield code="1">0</subfield>
    <subfield code="2">ddc</subfield>
    <subfield code="4">0</subfield>
    <subfield code="7">0</subfield>
    <subfield code="a">MCS</subfield>
    <subfield code="b">MCS</subfield>
    <subfield code="c">GEN</subfield>
    <subfield code="d">2016-12-12</subfield>
    <subfield code="o">954.04,JAW</subfield>
    <subfield code="p">MCS29261</subfield>
    <subfield code="r">2016-12-08</subfield>
    <subfield code="w">2016-12-12</subfield>
    <subfield code="y">BK</subfield>
    <subfield code="z">Almirah No. 61, Shelf No. 5</subfield>
  </datafield>
</record>
